Online
Catalog

Psicología de la educación, los deportes y la recreación / (Record no. 473)

MARC details
000 -CABECERA
campo de control de longitud fija 01475nam a2200289 a 4500
001 - NÚMERO DE CONTROL
campo de control 000000475
003 - IDENTIFICADOR DEL NÚMERO DE CONTROL
campo de control DO-SdBNP
005 - FECHA Y HORA DE LA ÚLTIMA TRANSACCIÓN
campo de control 20250520120032.0
007 - CAMPO FIJO DE DESCRIPCIÓN FÍSICA--INFORMACIÓN GENERAL
campo de control de longitud fija ta
008 - DATOS DE LONGITUD FIJA--INFORMACIÓN GENERAL
campo de control de longitud fija 081124s 2002 dr 000 0 spa d
020 ## - NÚMERO INTERNACIONAL ESTÁNDAR DEL LIBRO
Número Internacional Estándar del Libro 9993461288
040 ## - FUENTE DE LA CATALOGACIÓN
Centro catalogador/agencia de origen DO-SdBNP
Lengua de catalogación spa
Centro/agencia transcriptor BNPHU
082 #4 - NÚMERO DE LA CLASIFICACIÓN DECIMAL DEWEY
Número de edición 22
Número de clasificación 370.15
Número de documento/Ítem M516p
100 1# - ENTRADA PRINCIPAL--NOMBRE DE PERSONA
Nombre de persona Mejía-Ricart G., Tirso,
Fechas asociadas al nombre 1936-2021
Forma completa/desarrollada del nombre (Mejía-Ricart Guzmán)
9 (RLIN) 1569
245 10 - MENCIÓN DE TÍTULO
Título Psicología de la educación, los deportes y la recreación /
Mención de responsabilidad, etc. Tirso Mejía Ricart.
260 ## - PUBLICACIÓN, DISTRIBUCIÓN, ETC.
Lugar de publicación, distribución, etc. Santo Domingo :
Nombre del editor, distribuidor, etc. Búho,
Fecha de publicación, distribución, etc. 2002.
300 ## - DESCRIPCIÓN FÍSICA
Extensión 264 p. ;
Dimensiones 23 cm.
500 ## - NOTA GENERAL
Nota general Incluye datos biográficos del autor en las solapas
504 ## - NOTA DE BIBLIOGRAFÍA, ETC.
Nota de bibliografía, etc. Bibliografía : p. 228-264
505 0# - NOTA DE CONTENIDO CON FORMATO
Nota de contenido con formato Introducción --
Título Primera parte --
-- Aprendizaje y vida social --
Información miscelánea Capítulo 1 --
Título Las bases biosociales del aprendizaje humano --
-- Los motivos y el aprendizaje --
-- Aprendizaje y vida social--
-- El Homo Sapiens --
Información miscelánea Capítulo 2--
Título Desarrollo y aprendizaje --
-- Evolución orgánica y psicológica --
Información miscelánea Capítulo 3--
Título La conducta aprendida --
-- Naturaleza del aprendizaje --
Información miscelánea Capítulo 4--
Título Aprendizaje simbólico y vida social --
-- El aprendizaje simbólico --
Información miscelánea Capítulo 5--
Título Conducta social y aprendizaje --
-- El individuo y la sociedad .
590 ## - NOTA LOCAL (RLIN)
Nota local Inventariado, 2018/LP
650 10 - PUNTO DE ACCESO ADICIONAL DE MATERIA--TÉRMINO DE MATERIA
Término de materia o nombre geográfico como elemento de entrada Psicopedagogía
9 (RLIN) 1570
650 14 - PUNTO DE ACCESO ADICIONAL DE MATERIA--TÉRMINO DE MATERIA
Término de materia o nombre geográfico como elemento de entrada Deportes
Subdivisión general Aspectos psicológicos
9 (RLIN) 1571
650 14 - PUNTO DE ACCESO ADICIONAL DE MATERIA--TÉRMINO DE MATERIA
Término de materia o nombre geográfico como elemento de entrada Recreación
Subdivisión general Aspectos psicológicos
9 (RLIN) 1572
910 ## - DATOS DE OPCIÓN DEL USUARIO (OCLC)
Datos de opción del usuario Validado. Control de calidad MFF
942 ## - ELEMENTOS DE PUNTO DE ACCESO ADICIONAL (KOHA)
Fuente del sistema de clasificación o colocación Dewey Decimal Classification
Tipo de ítem Koha Libro
Holdings
Estado de retiro Estado de pérdida Fuente del sistema de clasificación o colocación No para préstamo Código de colección Localización permanente Ubicación/localización actual Ubicación en estantería Fecha de adquisición Fuente de adquisición Total de préstamos Signatura topográfica completa Código de barras Fecha visto por última vez Número de copia Precio válido a partir de Tipo de ítem Koha Restricciones de uso
    Dewey Decimal Classification Préstamo en sala Dominicana de Servicio Biblioteca Nacional Pedro Henríquez Ureña Biblioteca Nacional Pedro Henríquez Ureña Depósito 07.04.2014 Donación / Bárbara Suncar   BNPHU DS 370.15 M516p 475-30 25.06.2020 e.3 25.06.2020 Libros y folletos  
    Dewey Decimal Classification Préstamo en sala Dominicana de Servicio Biblioteca Nacional Pedro Henríquez Ureña Biblioteca Nacional Pedro Henríquez Ureña Depósito 14.06.2018     BNPHU DS 370.15 M516p 475-40 25.06.2020 e.4 25.06.2020 Libros y folletos  
    Dewey Decimal Classification Excluido de préstamo Patrimonio Dominicano Biblioteca Nacional Pedro Henríquez Ureña Biblioteca Nacional Pedro Henríquez Ureña Depósito 27.07.2009     BNPHU PD 370.15 M516p 475-10 25.06.2020   25.06.2020 Libros y folletos Préstamo restringido
    Dewey Decimal Classification Excluido de préstamo Patrimonio Dominicano Biblioteca Nacional Pedro Henríquez Ureña Biblioteca Nacional Pedro Henríquez Ureña Depósito 27.07.2009     BNPHU PD 370.15 M516p 475-20 25.06.2020 e.2 25.06.2020 Libros y folletos Préstamo restringido
    Dewey Decimal Classification Préstamo en sala Monografías: Libros y Folletos Biblioteca Nacional Pedro Henríquez Ureña Dominicana Depósito 16.09.2021 Compra   BNPHU DS 370.15 M516p 2021-26668 16.09.2021 e.5 16.09.2021 Libro  

Powered by Koha